header

Teaching the core skills of listening & speaking / (Record no. 106949)

MARC details
000 -LEADER
fixed length control field 01718nam a2200409 i 4500
001 - CONTROL NUMBER
control field ebr10865413
003 - CONTROL NUMBER IDENTIFIER
control field CaPaEBR
006 - FIXED-LENGTH DATA ELEMENTS--ADDITIONAL MATERIAL CHARACTERISTICS--GENERAL INFORMATION
fixed length control field m o d
007 - PHYSICAL DESCRIPTION FIXED FIELD--GENERAL INFORMATION
fixed length control field cr cn|||||||||
008 - FIXED-LENGTH DATA ELEMENTS--GENERAL INFORMATION
fixed length control field 140506t20142014vau ob 001 0 eng d
020 ## - INTERNATIONAL STANDARD BOOK NUMBER
Cancelled/invalid ISBN 9781416617563
International Standard Book Number 9781416619017 (e-book)
040 ## - CATALOGING SOURCE
Original cataloging agency CaPaEBR
Language of cataloging eng
Description conventions rda
-- pn
Transcribing agency CaPaEBR
035 ## - SYSTEM CONTROL NUMBER
System control number (OCoLC)880454927
043 ## - GEOGRAPHIC AREA CODE
Geographic area code n-us---
050 14 - LIBRARY OF CONGRESS CALL NUMBER
Classification number LB1572
Item number .P35 2014eb
082 04 - DEWEY DECIMAL CLASSIFICATION NUMBER
Classification number 302.2242071
Edition number 23
100 1# - MAIN ENTRY--PERSONAL NAME
Personal name Palmer, Erik,
Dates associated with a name 1953-
Relator term author.
245 10 - TITLE STATEMENT
Title Teaching the core skills of listening & speaking /
Statement of responsibility, etc Erik Palmer.
264 #1 - PRODUCTION, PUBLICATION, DISTRIBUTION, MANUFACTURE, AND COPYRIGHT NOTICE
Place of production, publication, distribution, manufacture Alexandria, Virginia :
Name of producer, publisher, distributor, manufacturer ASCD,
Date of production, publication, distribution, manufacture, or copyright notice 2014.
Date of production, publication, distribution, manufacture, or copyright notice �2014
300 ## - PHYSICAL DESCRIPTION
Extent 1 online resource (215 pages)
336 ## - CONTENT TYPE
Content type term text
Source rdacontent
337 ## - MEDIA TYPE
Media type term computer
Source rdamedia
338 ## - CARRIER TYPE
Carrier type term online resource
Source rdacarrier
504 ## - BIBLIOGRAPHY, ETC. NOTE
Bibliography, etc Includes bibliographical references and index.
588 ## - SOURCE OF DESCRIPTION NOTE
Source of description note Description based on print version record.
590 ## - LOCAL NOTE (RLIN)
Local note Electronic reproduction. Palo Alto, Calif. : ebrary, 2014. Available via World Wide Web. Access may be limited to ebrary affiliated libraries.
650 #0 - SUBJECT ADDED ENTRY--TOPICAL TERM
Topical term or geographic name as entry element Oral communication
General subdivision Study and teaching
Geographic subdivision United States.
Topical term or geographic name as entry element Listening
General subdivision Study and teaching
Geographic subdivision United States.
Topical term or geographic name as entry element Language arts
Geographic subdivision United States.
Topical term or geographic name as entry element Education
General subdivision Standards
Geographic subdivision United States
General subdivision States.
655 #0 - INDEX TERM--GENRE/FORM
Genre/form data or focus term Electronic books.
776 08 - ADDITIONAL PHYSICAL FORM ENTRY
Display text Print version:
Main entry heading Palmer, Erik, 1953-
Title Teaching the core skills of listening & speaking.
Place, publisher, and date of publication Alexandria, Virginia : ASCD, c2014
Physical description viii, 202 pages
International Standard Book Number 9781416617563
Record control number 2013046269
797 2# - LOCAL ADDED ENTRY--CORPORATE NAME (RLIN)
Corporate name or jurisdiction name as entry element ebrary.
856 40 - ELECTRONIC LOCATION AND ACCESS
Uniform Resource Identifier <a href="http://site.ebrary.com/lib/rucke/Doc?id=10865413">http://site.ebrary.com/lib/rucke/Doc?id=10865413</a>
Public note An electronic book accessible through the World Wide Web; click to view

No items available.

© 2026 Rongo University
Contact us: librarian | system librarian | Rongo university